00418nam a22001217a 4500003000200000005001700002008004100019050002300060245007100083260008500154300002600239500003100265020221115111841.0221115b xxu||||| |||| 00| 0 eng d aHD 4975b.M34 2018 aSalary computation system for haircut citycKurt Marcus T. Magpayo aLas Pinas City, PhilippinesbSouthville International School and CollegescC2018 a154pp.c28cm.fTheses aSalary computation system.